000
00282nam a22001337a 4500
008
181122b xxu||||| |||| 00| 0 eng d
020
_a
9780072408591
041
_a
eng
080
_2
5th
_a
338
100
_a
53
101
_a
MNG
245
_a
Management
_c
Bateman
942
_2
udc
_c
BK
999
_c
52410
_d
52410